The conservative human rights revolution. European identity, transnational politics, and the origins of the european convention

Guardat en:
Dades bibliogràfiques
Autor principal: Duranti, Marco (Autor)
Format: Llibre
Idioma:anglès
Publicat: Oxford, United Kingdom Oxford University Press 2017
Matèries:
Accés en línia:Disponible Online
Etiquetes: Afegir etiqueta
Sense etiquetes, Sigues el primer a etiquetar aquest registre!

MARC

LEADER 00000cam a2200000 a 4500
001 UCC9464
003 CL-VaPUC
005 20210727221538.0
008 190927e20170000us |||||||||||||||||eng|d
999 |c 375645  |d 375643 
020 |a 9780199811380 
040 |c Pontificia Universidad Católica de Valparaíso 
082 0 4 |a 341.48 DUR 2017  |2 21 
100 0 |a Duranti, Marco  |e author  |9 604549 
245 1 4 |a The conservative human rights revolution.  |b European identity, transnational politics, and the origins of the european convention 
260 |a Oxford, United Kingdom   |b Oxford University Press  |c 2017 
300 |a 507 páginas  
583 |a last modification  |c 20190927 15:31:00  |k Rodrigo Vera 
650 0 |a Derechos humanos  |9 223025 
650 0 |a Política mundial  |9 255739 
650 0 |a Identidad europea  |9 862322 
856 |u https://oxford-universitypressscholarship-com.pucv.idm.oclc.org/view/10.1093/acprof:oso/9780199811380.001.0001/acprof-9780199811380?rskey=SKaJ63&result=1  |y Disponible Online  
942 |c BK  |2 ddc 
945 |d 20190927 15:31:00  |a dcastane 
952 |0 0  |1 0  |3 erd  |4 0  |6 341_480000000000000_DUR_2017  |7 0  |8 WP_COW  |9 561463  |a BIBDER  |b BIBDER  |e Fundación W and P Cowley  |i 5605318  |o 341.48 DUR 2017  |p 5605318  |r 2023-01-25  |w 2020-03-12  |y BK  |z Catalogado en:20190927  |k WPC